000 00784nam a2200241Ia 4500
003 OSt
005 20220928125048.0
006 a|||||r|||| 00| 0
007 ta
008 220927b |||||||| |||| 00| 0 eng d
020 _cUSD 56.00
024 _a137770
037 _b0345, 14/03/2018, Bookwell Publications
_cTextual
040 _aSDCL
_cSDCL
_beng
041 _2eng
_aeng
082 _aX9(J3).2'P, Q7
245 0 _aState of foor and agriculture
_b Leveraging food systemsfor inclusive rural transformation
260 _aRome
_bFood and Agriculture Organization of the United Nations
_c2017
300 _axvii,160p.
_ccm.
650 _aReference
942 _hX9(J3).2'P, Q7
_cTEXL
_2CC
999 _c780756
_d780756